MARC

LEADER 00000nam0a2200000 4500
001 357100
005 20231102010946.0
035 |a (RuTPU)RU\TPU\retro\14360 
090 |a 357100 
100 |a 20200729d1957 k y0rusy50 ca 
101 0 |a rus 
102 |a RU 
105 |a af z 001zy 
200 1 |a Бетатрон на 25 Мэв  |e отдельный оттиск  |f А. А. Воробьев, В. И. Горбунов, В. Н. Титов 
210 |a Томск  |c Изд-во Томского ун-та  |d 1957 
215 |a С. 57-61, [1]  |c ил. 
225 1 |a Известия высших учебных заведений. Физика 
316 |5 63413507: ШкА2/676  |a На обложке дарственная надпись: «В Научно-Техническую библиотеку ТПИ. 7.2.58 г. Воробьев. 
320 |a Библиогр. в конце ст. 
606 1 |a Бетатроны  |2 stltpush  |3 (RuTPU)RU\TPU\subj\71950  |9 85608 
610 1 |a индукционные ускорители 
610 1 |a ускорители электронов 
610 1 |a энергия излучения 
610 1 |a технические характеристики 
610 1 |a электромагниты 
610 1 |a вакуумные системы 
610 1 |a инжекция 
610 1 |a коллекция ТПУ 
610 1 |a труды учёных ТПУ 
610 1 |a дарственные надписи 
610 1 |a дары автора 
610 1 |a дары библиотеке 
610 1 |a оттиски 
675 |a 621.384.634.3  |v 4 
700 1 |a Воробьев  |b А. А.  |c российский физик  |c ректор Томского политехнического института, профессор  |f 1909-1981  |g Александр Акимович  |x TPU  |2 stltpush  |3 (RuTPU)RU\TPU\pers\12805 
701 1 |a Горбунов  |b В. И.  |c российский ученый, физик  |c Заслуженный профессор Томского политехнического университета  |f 1929-2008  |g Владимир Иванович  |2 stltpush  |3 (RuTPU)RU\TPU\pers\19778 
701 1 |a Титов  |b В. Н.  |c российский физик  |c организатор и создатель физико-технического факультета Томского политехнического института  |f 1909-1965  |g Вадим Никонович  |2 stltpush  |3 (RuTPU)RU\TPU\pers\12444 
801 1 |a RU  |b 63413507  |c 20200729 
801 2 |a RU  |b 63413507  |c 20200730  |g RCR 
942 |c BK